Cambridge United Trivia - Statistics

General Stats
  • This quiz has been taken 16 times
  • The average score is 9 of 15
Answer Stats
Question Answer % Correct
What is the name of Cambridge United’s stadium? Cledara Abbey Stadium
100%
Who is the current head coach of Cambridge United? Neil Harris
91%
With which club does Cambridge United contest the Cambridgeshire Derby? Peterborough United
91%
Who became Cambridge United's first million-pound sale when he joined Manchester United in 1992? Dion Dublin
82%
Which Cambridge United player scored 32 league goals in the 2020/21 season, making him the top scorer in England’s top four divisions? Paul Mullin
82%
What is Cambridge United’s nickname? The {Us}
82%
Who is the current captain of Cambridge United? Michael Morrison
73%
Which Cambridge United manager guided the club to consecutive promotions from the Fourth Division to the Second Division in 1990 and 1991? John Beck
64%
Who is Cambridge United’s record signing, arriving from Luton Town for £190k in 1992? Steve Claridge
55%
Cambridge United as founded in 1912 under what name? Abbey United
45%
Which Englishman is Cambridge United’s record goalscorer with 86? John Taylor
45%
Which team did Cambridge United beat 4-0 in the 2014 FA Trophy Final Gosport Borough
36%
Which Englishman is Cambridge United’s record league appearance-maker with 416? Steve Spriggs
36%
Who is Cambridge United’s record sale, joining Leicester City for £1.5m in 2000? Trevor Benjamin
27%
Which Cambridge United manager guided the club to consecutive Southern League titles and eventual promotion to the Football League in 1970? Bill Leivers
18%
No matching quizzes found
Score Distribution
Percent of People with Each Score
Percentile by Number Answered
Your Score History
You have not taken this quiz